La opinión Colombiana y el problema de Tacna y Arica (Registro nro. 61264)

Detalles MARC
000 -ENCABEZADO
Número de control [NR] 01787nam a2200253Ia 4500
005 - FECHA Y HORA DE LA ÚLTIMA TRANSACCIÓN
control field 20151209092940.0
008 - DE LONGITUD FIJA DE DATOS DE ELEMENTOS - INFORMACIÓN GENERAL
Elementos de longitud fija [NR] 130821s1905 pe gr spa
040 ## - FUENTE DE CATALOGACION [NR]
Agencia de catalogación original [NR] Co-BoUCM
Idioma de catalogación [NR] spa
Quien Cataloga Sandra Yazo (modificó)
Quien Clasifica Sandra Yazo (modificó)
041 00 - CODIGO DE IDIOMA [R]
Código de idioma para texto/pista de sonido o título separado [R] Español
092 ## - SIGNATURA TOPOGRAFICA LOCAL
Número de clasificación local E02N092
100 1# - ASIENTO PRINCIPAL--NOMBRE PERSONAL [NR]
Nombre personal [NR] Ulloa, Alberto
Término relacionador [R] comp.
ID Autoridad 38362
245 13 - MENCION DE TITULO [NR]
Título [NR] La opinión Colombiana y el problema de Tacna y Arica
Mención de responsabilidad, etc. [NR] Alberto Ulloa, comp
260 ## - PUBLICACION, DISTRIBUCION, ETC. (PIE DE IMPRENTA) [R]
Lugar de publicación, distribución, etc. [R] Lima (Perú)
Nombre del editor, distribuidor, etc. [R] Imprenta de "El Tiempo"
Fecha de publicación, distribución, etc. [R] 1905
300 ## - DESCRIPCION FISICA [R]
Extensión [R] 441 páginas
Dimensiones [R] 27 x 19 cm.
500 ## - NOTA GENERAL [R]
Nota general [NR] Descripción física: Encuadernación rígida (holandesa) en cartón forrado en papel con lomo en cuero y adornos en dorado. Tapas con raspaduras, bordes y esquinas con deterioro. Guardas. Portada impresa en una tinta. Cenefas y remates. Texto impreso en una sola columna con varios tipos y tamaños de letra. Márgenes amplios. Algunas notas al pie de página. Manchas sobre el papel
505 2# - NOTA DE CONTENIDO CON FORMATO PREESTABLECIDO [R]
Nota de contenido con formato preestablecido [NR] Respuesta del señor Francisco Javier Vergara y Vergara, de Nicolás Sáenz, de Alejandro Rojas Williams, de Epifanio Garay, de Carlos Liévano, de Francisco de P. Sáenz, de Víctor y Darío Gutiérrez Uricochea, de Alfredo Gómez, de Lorenzo Codazzi, de Julio de Francisco, de Maximiliano Grillo, de Francisco L. Cabo, de Nazario Lorenzana, de Francisco de P. Borda, de José María Pérez, de Rafael María Carrasquilla, de Francisco Groot, de Lino de Pombo, de Marco Fidel Suarez, de Miguel Antonio Caro
506 ## - NOTA DE RESTRICCIONES DE ACCESO [R]
Condiciones de acceso [NR] Consulta en sala
650 #7 - ASIENTO SECUNDARIO DE MATERIA - TERMINO TEMATICO [R]
Término temático o nombre geográfico como elemento de entrada [NR] Cuestión de Tacna y Arica
9 (RLIN) 12327
651 #7 - ASIENTO SECUNDARIO DE MATERIA - NOMBRE GEOGRAFICO [R]
Nombre geográfico [NR] Chile
Geographic name following place entry element [OBSOLETE] Relaciones internacionales
Subdivisión geográfica [R] Perú
9 (RLIN) 26603
651 #7 - ASIENTO SECUNDARIO DE MATERIA - NOMBRE GEOGRAFICO [R]
Nombre geográfico [NR] Perú
Geographic name following place entry element [OBSOLETE] Relaciones internacionales
Subdivisión geográfica [R] Chile
9 (RLIN) 26683
690 ## - ASUNTO AGREGADO LOCAL DE ENTRADA - TÉRMINO TEMÁTICO (OCLC, RLIN)
Acceso temático local Relaciones internacionales
942 ## - ELEMENTOS DE ENTRADA AGREGADOS (KOHA)
Tipo de ítem principal el descrito en 300a Libro
Tema principal Ciencia política
Edición 1
Parte restante de la signatura top. U55o
Sistema de clasificación DEWEY
Clasificación 327.8500983
Existencias
Total préstamos Signatura topográfica Código de barras Última vez visto Ejemplar Price effective from Tipo de ítem Perdido Sistema de clasificación Dañado No prestable Tipo de ítem específico Suprimido Ubicación habitual Ubicación actual Localización Fecha de creación Forma de adquisición Costo
  E02N092 L000317 15/12/2012 Ej.2 03/02/2013 Libro   LOCAL     Libro archivo     Archivo Histórico Archivo histórico 27/05/2013 Donación 0.00
  327.8500983 U55o 3000079 15/12/2012 Ej.1 03/02/2013 Libro   DEWEY     Libro     Bib. Cavelier Acavalier 28/02/2013   0.00